00713 2200217 4500001002100000005001500021035002000036007000300056008004100059082001400100084002000114100003700134245014400171250000600315300001500321264008100336336002100417337001900438338002100457856001700478INLIS00000000000027820260601095718 a0010-0626000001ta260601 e 0 ind  a001.407 2 a001.407 2 ADE a0 aAdelia Cindy AgustinaePengarang1 aAdelia Cindy Agustina :bIDENTIFIKASI MANAJEMEN DIRI PADA PASIEN DIABETES MELITUS DI RSUD HAJI PROVINSI JAWA TIMUR /cAdelia Cindy Agustina a1 a69 :bilus aSURABAYA :bFAKULTAS ILMU KESEHATAN UNIVERSITAS MUHAMMADIYAH SURABAYA,c2025 2rdacontentaBuku 2rdamediaaBUKU 2rdacarrieraTEXT aPerpustakaan